00309nam a2200133Ia 4500008004100000100002100041245001900062250001200081260003400093300000800127650001600135942000700151999001700158190216s9999||||xx |||||||||||||| ||und|| aJeevanandadas. R 0aVyaya Ganitham a1st Ed. bKerala Bhasha Institutec1977 a292 aMathematics cBK c40433d40433